000 00468nam a2200193 i 4500
001 bgj
245 1 0 _aShine :
_btests.
260 _aWarszawa :
_bMacmillan Polska,
_cc. 2000.
300 _a71 pp ;
_c30 cm.
650 9 _aEnglish language
655 _aTests for grammar-schools
710 p 0 _aMacmillan Polska
020 _a8388554018
040 _cBPK
041 0 _aeng
920 _a83-88554-01-8
942 _cKS
008 s uk f |000 0 eng
999 _c48472
_d48472
856 _uhttp://koha.tu.koszalin.pl/cgi-bin/koha/opac-detail.pl?biblionumber=48472
_yKatalog online BPK